000 02111cam a22002895a 4500
001 18015556
005 20150722130929.0
008 140122t2014 flua frb 001 0 eng d
020 _a9781466570375 (hardback)
040 _aDLC
_beng
_cDLC
_dDLC
_dEG-ScBUE
082 0 4 _a621.3678
_bCAN
_222
100 1 _aCanty, Morton John.
_938235
245 1 0 _aImage analysis, classification and change detection in remote sensing :
_bwith algorithms for ENVI / IDL and Python /
_cMorton J. Canty.
250 _a3rd ed.
260 _aBoca Raton :
_bCRC Press / Taylor & Francis Group,
_cc.2014.
300 _axxv, 527 p. :
_bill. ;
_c24 cm.
500 _aIndex : p. 495-527.
504 _aBibliography : p. 483-494.
520 _a"The book introduces advanced undergraduates and graduates to techniques used in the processing of remote sensing digital imagery. It is intended for people who are working with remote sensing data in image analysis and GIS environments. The material is self-contained and illustrated with many programming examples in IDL, a computer language which supports the professional graphical user interface ENVI, one of the leading environments for remote sensing imagery analysis. The new edition includes Python-coded versions of the main image analysis algorithms discussed in the text, making it accessible to students and teachers without expensive ENVI/IDL licenses. ."
520 _a"The focus of this book is on pixel-oriented analysis of visual/infrared Earth observation satellite imagery. Among the topics that get the most attention are the discrete wavelet transform, image fusion, supervised classification with neural networks, clustering algorithms and statistical change detection methods. Each of the chapters concludes with exercises, some of which are small programming projects, intended to illustrate or justify the foregoing development."
650 0 _aRemote sensing
_xMathematics.
_2BUEsh
650 0 _aImage analysis
_xMathematics.
_2BUEsh
651 _2BUEsh
653 _bCOMSCI
_cJune2015
_cJuly2015
655 _vreading book
_934232
942 _2ddc
_k621.3678 CAN
999 _c19976
_d19948